000 00552nam a2200181 a 4500
001 4523
003 CO-ViMGA
008 141112s2004 ck r 000 u spa d
040 _aCO-ViMGA
_bspa
_cCO-ViMGA
082 0 4 _a511.2 B355
100 1 _aBell, Robbie
_955340
245 1 0 _aJuegos con tablero y fichas estimulantes a la investigación matemática /
_cBell Robbie , Cornelius Michael
260 _aBarcelona :
_bLabor,
_c1990
300 _a128 p : il
650 1 4 _aCornelios, Michael
_955341
650 1 4 _aMATEMATICAS RECREATIVAS
942 _2ddc
_cBK
999 _c16533
_d16533